| 000 | 00700nam a2200217Ia 4500 | ||
|---|---|---|---|
| 001 | 5240 | ||
| 003 | GE_BSU | ||
| 008 | 181216s||||||||xx |||||||||||||| ||und|| | ||
| 040 | _cGE_BSU | ||
| 080 | _a514.18(075.8) | ||
| 100 | _aАрустамов, Х. А. | ||
| 245 | _aСборник задач по начертательной геометрии с решениями типовых задач | ||
| 245 | _bУчебное пособие для высш. учеб. завед | ||
| 250 | _aизд.8-ое стереот. | ||
| 260 | _aМосква | ||
| 260 | _bМашиностроение | ||
| 260 | _c1971 | ||
| 300 | _a375 с. 27 см. | ||
| 653 | _aГеометрия | ||
| 942 | _cBK | ||
| 999 |
_c38832 _d38832 |
||